Movies Quiz

Random Movies or Director Quiz
Score 0/58 Timer 10:00
0 Plays Today
Film Answer % Correct
Henry V (1989)Kenneth Branagh
98.2%
Dead Again (1991)Kenneth Branagh
98.2%
Peter's Friends (1992)Kenneth Branagh
98.2%
Much Ado About Nothing (1993)Kenneth Branagh
98.2%
Mary Shelley's Frankenstein (1994)Kenneth Branagh
98.2%
Hamlet (1996)Kenneth Branagh
98.2%
Love's Labour's Lost (2000)Kenneth Branagh
98.2%
Jack Ryan: Shadow Recruit (2014)Kenneth Branagh
98.2%
Murder on the Orient Express (2017)Kenneth Branagh
98.2%
All Is True (2018)Kenneth Branagh
98%
Thor (2011)NATALIE PORTMAN
85.3%
Thor (2011)ANTHONY HOPKINS
84.5%
Murder on the Orient Express (2017)Johnny Depp
84.5%
Henry V (1989)JUDI DENCH
84.3%
Hamlet (1996)JUDI DENCH
84.3%
Murder on the Orient Express (2017)JUDI DENCH
84.3%
Henry V (1989)EMMA THOMPSON
82%
Dead Again (1991)EMMA THOMPSON
82%
Peter's Friends (1992)EMMA THOMPSON
82%
Much Ado About Nothing (1993)EMMA THOMPSON
82%
All Is True (2018)JUDI DENCH
81.8%
Mary Shelley's Frankenstein (1994)ROBERT DE NIRO
75.8%
Mary Shelley's Frankenstein (1994)Helena Bonham Carter
75.8%
Cinderella (2015)Helena Bonham Carter
75.8%
Much Ado About Nothing (1993)DENZEL WASHINGTON
69.6%
Sleuth (2007)MICHAEL CAINE
69.6%
Cinderella (2015)CATE BLANCHETT
68.3%
Dead Again (1991)ROBIN WILLIAMS
67.5%
Hamlet (1996)ROBIN WILLIAMS
67.5%
Film Answer % Correct
Murder on the Orient Express (2017)Michelle Pfeiffer
66%
Hamlet (1996)KATE WINSLET
64.2%
Sleuth (2007)Jude Law
62.4%
Murder on the Orient Express (2017)PENÉLOPE CRUZ
55.9%
Jack Ryan: Shadow Recruit (2014)Keira Knightley
53.4%
Murder on the Orient Express (2017)OLIVIA COLMAN
51%
Jack Ryan: Shadow Recruit (2014)Kevin Costner
48.7%
Murder on the Orient Express (2017)Willem Dafoe
45.6%
All Is True (2018)Ian McKellen
45.5%
Hamlet (1996)JULIE CHRISTIE
38.7%
Much Ado About Nothing (1993)Michael Keaton
37.9%
Henry V (1989)Ian Holm
37.4%
Mary Shelley's Frankenstein (1994)Ian Holm
37.4%
Hamlet (1996)JACK LEMMON
35.1%
Peter's Friends (1992)Imelda Staunton
32%
Much Ado About Nothing (1993)Imelda Staunton
32%
Henry V (1989)CHRISTIAN BALE
31.7%
Hamlet (1996)JOHN GIELGUD
29.1%
Hamlet (1996)Rosemary Harris
25.8%
Hamlet (1996)CHARLTON HESTON
25.5%
Thor (2011)Adriana Barraza
25.5%
As You Like It (2006)KEVIN KLINE
22.9%
Dead Again (1991)Andy Garcia
20.1%
Hamlet (1996)Gérard Depardieu
16.5%
Henry V (1989)PAUL SCOFIELD
15.7%
Mary Shelley's Frankenstein (1994)Tom Hulce
15.5%
Hamlet (1996)JOHN MILLS
11.3%
As You Like It (2006)Janet McTeer
7.5%
Jack Ryan: Shadow Recruit (2014)David Paymer
6.7%
Remove Ads.
Support Sporcle.
Get the best of Sporcle when you Go Orange. This ad-free experience offers more features, more stats, and more fun while also helping to support Sporcle. Thank you for becoming a member.

You're not logged in!

Compare scores with friends on all Sporcle quizzes.
OR
Log In

Sporcle TV

Today on Sporcle TV


Watch our educational content, quiz creation guides, and fun videos on Sporcle TV.

Show Comments

Extras

Top Quizzes Today


Score Distribution

Paid Content

Your Account Isn't Verified!

In order to create a playlist on Sporcle, you need to verify the email address you used during registration. Go to your Sporcle Settings to finish the process.

Report this User

Report this user for behavior that violates our Community Guidelines.

Details: